000 01042cam a22002531 4500
001 7089731
003 OSt
005 20210420104601.0
008 760506s1967 xx 000 0 spa
040 _aCENDOC CAAAP
_cCAAAP
_bspa
050 _aFP
_b45 T35P1
100 1 _aTello, Julio C.
_q(Julio César)
_d1880-1947.
_92350
245 1 0 _aPáginas escogidas.
_cSelección y prólogo de Toribio Mejía Xesspe.
260 _aLima,
_bUniversidad Nacional Mayor de San Marcos
_c[1967]
300 _axxiii, 241 p.
_bil., mapas, retrs.
_c25 cm.
490 0 _aBiblioteca de estudios superiores.
505 0 _aMedio geográfico andino.--Reforma de la Universidad Mayor de San Marcos.--La investigación científica.--Civilización peruana.--El descubrimiento y conquista del Perú.
610 2 0 _aUniversidad Nacional Mayor de San Marcos
_91886
651 0 _aAndes (Perú)
_92404
651 0 _aPerú
_xAntigüedades
_92190
651 0 _aPerú
_xHistoria
_xConquista
_y1522-1548.
_92403
700 1 _aMejia Xesspe, M. Toribio,
_eed.
_92405
942 _2lcc
_cBK
999 _c1011
_d1011